Music Quiz

Random Music or Celebrity Quiz
Score 0/25 Timer 06:00
4 Plays Today
% Correct
Miley Cyrus
98.2%
Selena Gomez
83.3%
Janet Jackson
82.4%
Prince
82.2%
Kesha
75.9%
Daft Punk
75.7%
Ed Sheeran
74.8%
Robin Thicke
73.9%
Lorde
73.9%
will.i.am
73.3%
Avril Lavigne
71.7%
Gorillaz
69.8%
Macklemore and Ryan Lewis
66.9%
% Correct
Demi Lovato
62.4%
John Mayer
53.6%
Tom Jones
50.3%
Carly Rae Jepsen
50%
Lana Del Rey
43.6%
Gotye
43.1%
Calvin Harris
39%
Boyz II Men
36.1%
Jason Mraz
33.4%
Janelle Monáe
27.5%
Aqua
24.8%
The Fray
16.1%
Remove Ads.
Support Sporcle.
Get the best of Sporcle when you Go Orange. This ad-free experience offers more features, more stats, and more fun while also helping to support Sporcle. Thank you for becoming a member.

You're not logged in!

Compare scores with friends on all Sporcle quizzes.
OR
Log In

Show Comments

Extras

Top Quizzes Today


Score Distribution

Your Account Isn't Verified!

In order to create a playlist on Sporcle, you need to verify the email address you used during registration. Go to your Sporcle Settings to finish the process.

Report this User

Report this user for behavior that violates our Community Guidelines.

Details: